[Event "First Lady's Cup"]
[Site "Surakarta/Denpasar INA"]
[Date "1982.02.10"]
[Round "1"]
[White "Suradiradja, Herman"]
[Black "Keene, Raymond Dennis"]
[Result "1/2-1/2"]
[WhiteElo "2380"]
[BlackElo "2505"]
[EventDate "1982.02.10"]
[PlyCount "33"]

1.e4 g6 2.d4 Bg7 3.Nc3 d6 4.Be3 Nf6 5.h3 O-O 6.Nf3 c6 7.a4 Nbd7 8.Qd2 e5 
9.dxe5 dxe5 10.Bc4 Qe7 11.Rd1 Nc5 12.Ng5 Ne6 13.Bxe6 Bxe6 14.Nxe6 Qxe6 15.
Qd6 Qc4 16.Qd3 Qe6 17.Qd6 1/2-1/2

[Event "First Lady's Cup"]
[Site "Surakarta/Denpasar INA"]
[Date "1982.02.10"]
[Round "1"]
[White "Bachtiar, Arovah"]
[Black "Hulak, Krunoslav"]
[Result "0-1"]
[WhiteElo "2360"]
[BlackElo "2490"]
[EventDate "1982.02.10"]
[PlyCount "78"]

1.d4 Nf6 2.c4 e6 3.Nf3 c5 4.Nc3 cxd4 5.Nxd4 Nc6 6.e3 Be7 7.Be2 O-O 8.O-O 
a6 9.a3 d6 10.b4 Bd7 11.Bb2 Rc8 12.Nxc6 Bxc6 13.Rc1 Rc7 14.Qb3 b6 15.b5 
axb5 16.Nxb5 Rd7 17.Nd4 Ba8 18.Bf3 Bxf3 19.Nxf3 Ne4 20.Bd4 Nc5 21.Bxc5 
bxc5 22.Rfd1 Qa8 23.Rb1 Ra7 24.Rd3 Rc8 25.Nd2 f5 26.f3 Rc6 27.e4 Rca6 28.
exf5 exf5 29.Qc2 Qf8 30.Rdb3 Qf6 31.Qd3 Qd4+ 32.Qxd4 cxd4 33.Rb5 g6 34.Nb3
Bg5 35.Kf1 Be3 36.Rd1 Rxa3 37.Nxd4 Ra1 38.Ke2 Rxd1 39.Kxe3 Re7+ 0-1

[Event "First Lady's Cup"]
[Site "Surakarta/Denpasar INA"]
[Date "1982.02.10"]
[Round "1"]
[White "Spasov, Luben"]
[Black "Chandler, Murray Graham"]
[Result "1/2-1/2"]
[WhiteElo "2410"]
[BlackElo "2470"]
[EventDate "1982.02.10"]
[PlyCount "48"]

1.Nf3 c5 2.c4 g6 3.d4 Bg7 4.e4 d6 5.Nc3 Qa5 6.Be2 Bg4 7.dxc5 Bxc3+ 8.bxc3 
dxc5 9.O-O Nc6 10.Qc2 Nf6 11.Bh6 Qc7 12.h3 Bd7 13.Ng5 Rg8 14.f4 Nh5 15.
Bxh5 gxh5 16.Qe2 O-O-O 17.Nxf7 Bxh3 18.Rf2 Rd7 19.Qxh5 Be6 20.f5 Bxf7 21.
Qxf7 Rg4 22.Raf1 Qe5 23.Bf4 Qxe4 24.Qh5 Rg8 1/2-1/2

[Event "First Lady's Cup"]
[Site "Surakarta/Denpasar INA"]
[Date "1982.02.10"]
[Round "1"]
[White "Suttles, Duncan"]
[Black "Maninang, Jesus Rafael"]
[Result "1/2-1/2"]
[WhiteElo "2475"]
[BlackElo "2385"]
[EventDate "1982.02.10"]
[PlyCount "85"]

1.g3 Nf6 2.d3 d5 3.Bg2 Bf5 4.Nd2 c6 5.e4 dxe4 6.dxe4 Bg4 7.Ngf3 e5 8.h3 
Bxf3 9.Qxf3 Nbd7 10.O-O Qc7 11.a4 Bc5 12.Nb3 Be7 13.Be3 O-O 14.Qe2 c5 15.
Nd2 Ne8 16.Rfd1 Nd6 17.Nf1 Rfd8 18.Bd2 a5 19.Ne3 Nb6 20.Bc3 f6 21.Qe1 Ndc4
22.Nf5 Rxd1 23.Qxd1 g6 24.Nxe7+ Qxe7 25.Qe1 Nd7 26.Rd1 Nf8 27.Bf1 Nd6 28.
Qd2 Nf7 29.Bc4 Kg7 30.Bxf7 Kxf7 31.f4 exf4 32.Qxf4 Ne6 33.Qh6 Kg8 34.Rf1 
Rf8 35.Bxa5 Ng5 36.Bc3 Nxe4 37.Qe3 Re8 38.Re1 f5 39.Qd3 Qe6 40.Kg2 h5 41.
b3 b6 42.a5 bxa5 43.Bxa5 1/2-1/2

[Event "First Lady's Cup"]
[Site "Surakarta/Denpasar INA"]
[Date "1982.02.10"]
[Round "1"]
[White "Ribli, Zoltan"]
[Black "Ardiansyah"]
[Result "1-0"]
[WhiteElo "2590"]
[BlackElo "2395"]
[EventDate "1982.02.10"]
[PlyCount "61"]

1.c4 Nf6 2.Nc3 e6 3.Nf3 Bb4 4.g3 O-O 5.Bg2 d6 6.O-O Nbd7 7.d4 Rb8 8.Qc2 a6
9.e4 Bxc3 10.bxc3 e5 11.Nh4 Re8 12.f4 exf4 13.Bxf4 b5 14.cxb5 axb5 15.Rae1
Bb7 16.Nf5 d5 17.e5 Ne4 18.Bh6 g6 19.Ne3 c5 20.Nxd5 Bxd5 21.Bxe4 Bc4 22.
Qf2 Qe7 23.Bc6 Red8 24.Qf4 Bxf1 25.Rxf1 cxd4 26.cxd4 Nf8 27.d5 Rdc8 28.e6 
f5 29.Qe5 Rd8 30.Bxf8 Rxf8 31.d6 1-0

[Event "First Lady's Cup"]
[Site "Surakarta/Denpasar INA"]
[Date "1982.02.10"]
[Round "1"]
[White "Matanovic, Aleksandar"]
[Black "Csom, Istvan"]
[Result "1/2-1/2"]
[WhiteElo "2495"]
[BlackElo "2505"]
[EventDate "1982.02.10"]
[PlyCount "82"]

1.e4 c5 2.Nf3 d6 3.d4 cxd4 4.Nxd4 Nf6 5.Nc3 Nc6 6.Bg5 e6 7.Qd2 a6 8.O-O-O 
h6 9.Bf4 Bd7 10.Nxc6 Bxc6 11.Qe1 Qa5 12.f3 O-O-O 13.Bc4 Nd7 14.a3 Qc7 15.
Ba2 b5 16.Ne2 Bb7 17.Bd2 Nb6 18.Ba5 Kb8 19.Rd3 Rc8 20.Rc3 Qd8 21.Qf2 Ka7 
22.Rd1 Be7 23.Rxc8 Bxc8 24.Qd4 Rg8 25.Bb4 Bb7 26.Bxd6 Bxd6 27.Qxd6 Qg5+ 
28.Qf4 Qxg2 29.Qxf7 Rc8 30.Nc3 Qxh2 31.Bxe6 Rc7 32.Qf5 Na4 33.Rd2 Qg1+ 34.
Nd1 Nc5 35.b4 Nxe6 36.Qxe6 Qg5 37.Qd6 Rf7 38.Qd4+ Kb8 39.Qd6+ Ka7 40.Qd4+ 
Kb8 41.Qd6+ Ka7 1/2-1/2

[Event "First Lady's Cup"]
[Site "Surakarta/Denpasar INA"]
[Date "1982.02.10"]
[Round "1"]
[White "Radulov, Ivan"]
[Black "Gheorghiu, Florin"]
[Result "1/2-1/2"]
[WhiteElo "2505"]
[BlackElo "2550"]
[EventDate "1982.02.10"]
[PlyCount "44"]

1.e4 c6 2.d4 d5 3.Nc3 dxe4 4.Nxe4 Bf5 5.Ng3 Bg6 6.Nf3 Nd7 7.Bd3 Bxd3 8.
Qxd3 e6 9.Bf4 Qa5+ 10.Bd2 Qc7 11.O-O-O Ngf6 12.Kb1 O-O-O 13.Ne4 Nc5 14.
Nxc5 Bxc5 15.Bg5 h6 16.Bxf6 gxf6 17.Qe3 Bd6 18.g3 Kb8 19.Rhe1 f5 20.Ne5 
Bxe5 21.dxe5 Qe7 22.h4 h5 1/2-1/2

[Event "First Lady's Cup"]
[Site "Surakarta/Denpasar INA"]
[Date "1982.02.10"]
[Round "1"]
[White "Handoko, Edhi"]
[Black "Sampouw, Jacobus Sawandar"]
[Result "1-0"]
[WhiteElo "2370"]
[BlackElo "2305"]
[EventDate "1982.02.10"]
[PlyCount "73"]

1.e4 c5 2.Nf3 d6 3.c3 Nf6 4.Bb5+ Bd7 5.Bxd7+ Qxd7 6.Qe2 g6 7.d3 Bg7 8.O-O 
O-O 9.d4 Qc6 10.e5 dxe5 11.dxe5 Nd5 12.c4 Qa6 13.Rd1 e6 14.Qe4 Nb6 15.Na3 
Nc6 16.Bg5 Qa4 17.Qf4 Rac8 18.h4 Nxe5 19.Nxe5 f6 20.Qg4 fxe5 21.Qxe6+ Kh8 
22.Rac1 Rce8 23.Qd6 e4 24.Rc2 Rf5 25.Bc1 Be5 26.b3 Qa6 27.Qd2 Nc8 28.Qd7 
Ref8 29.Nb5 Qf6 30.Bg5 Rxg5 31.hxg5 Qxg5 32.Qh3 Ne7 33.Nc3 Rf4 34.Rd8+ Kg7
35.Rd7 Bd4 36.Qe6 Rxf2 37.Rxf2 1-0

[Event "First Lady's Cup"]
[Site "Surakarta/Denpasar INA"]
[Date "1982.02.10"]
[Round "1"]
[White "Gunawan, Ronny"]
[Black "Kurajica, Bojan"]
[Result "0-1"]
[WhiteElo "2345"]
[BlackElo "2510"]
[EventDate "1982.02.10"]
[PlyCount "62"]

1.e4 c5 2.Nf3 Nc6 3.c4 e5 4.Nc3 d6 5.d3 g6 6.Be2 Bg7 7.a3 Nge7 8.Rb1 O-O 
9.b4 h6 10.Be3 b6 11.Qc1 Kh7 12.h3 f5 13.Nd5 Bd7 14.Nh2 Rc8 15.b5 Nd4 16.
Bxd4 cxd4 17.Nxe7 Qxe7 18.O-O Be6 19.exf5 gxf5 20.Qd2 d5 21.cxd5 Bxd5 22.
a4 Rc3 23.Rfe1 e4 24.Nf1 Be5 25.dxe4 fxe4 26.Bg4 Qf6 27.a5 bxa5 28.Ra1 Bf4
29.Ne3 dxe3 30.Qxd5 exf2+ 31.Kxf2 Bh2+ 0-1

[Event "First Lady's Cup"]
[Site "Surakarta/Denpasar INA"]
[Date "1982.02.10"]
[Round "1"]
[White "Rodriguez Vargas, Orestes"]
[Black "Henley, Ronald Watson"]
[Result "1/2-1/2"]
[WhiteElo "2430"]
[BlackElo "2460"]
[EventDate "1982.02.10"]
[PlyCount "29"]

1.d4 Nf6 2.Nf3 c5 3.d5 b5 4.c4 Bb7 5.a4 b4 6.Nbd2 d6 7.e4 Nbd7 8.Bd3 g6 9.
b3 Bg7 10.Bb2 Nh5 11.Bxg7 Nxg7 12.Qe2 e5 13.Qe3 Qe7 14.g3 O-O-O 15.O-O-O 
1/2-1/2

[Event "First Lady's Cup"]
[Site "Surakarta/Denpasar INA"]
[Date "1982.02.11"]
[Round "2"]
[White "Csom, Istvan"]
[Black "Radulov, Ivan"]
[Result "1/2-1/2"]
[WhiteElo "2505"]
[BlackElo "2505"]
[EventDate "1982.02.10"]
[PlyCount "35"]

1.c4 c5 2.Nf3 Nc6 3.d4 cxd4 4.Nxd4 Nf6 5.Nc3 g6 6.Nc2 Bg7 7.g3 O-O 8.Bg2 
b6 9.O-O Bb7 10.b3 d6 11.Bb2 Na5 12.Nd5 e6 13.b4 exd5 14.bxa5 Rc8 15.Ne3 
bxa5 16.cxd5 Ba6 17.Bd4 Nd7 18.Bxg7 1/2-1/2

[Event "First Lady's Cup"]
[Site "Surakarta/Denpasar INA"]
[Date "1982.02.11"]
[Round "2"]
[White "Maninang, Jesus Rafael"]
[Black "Sosonko, Gennadi"]
[Result "1/2-1/2"]
[WhiteElo "2385"]
[BlackElo "2580"]
[EventDate "1982.02.10"]
[PlyCount "39"]

1.c4 c5 2.Nf3 Nc6 3.d4 cxd4 4.Nxd4 Nf6 5.Nc3 e6 6.g3 Bc5 7.Nb3 Bb4 8.Bd2 
d5 9.cxd5 Nxd5 10.Bg2 Nxc3 11.bxc3 Be7 12.O-O O-O 13.c4 Qc7 14.Qc2 Bd7 15.
c5 Rfd8 16.Rfc1 e5 17.Rab1 Rab8 18.Bc3 Bf6 19.Be4 h6 20.Qb2 1/2-1/2

[Event "First Lady's Cup"]
[Site "Surakarta/Denpasar INA"]
[Date "1982.02.11"]
[Round "2"]
[White "Hort, Vlastimil"]
[Black "Suradiradja, Herman"]
[Result "1-0"]
[WhiteElo "2590"]
[BlackElo "2380"]
[EventDate "1982.02.10"]
[PlyCount "81"]

1.e4 c5 2.Nf3 Nc6 3.Bb5 Nf6 4.Nc3 Nd4 5.e5 Nxb5 6.Nxb5 Nd5 7.O-O Nc7 8.a4 
g6 9.d4 cxd4 10.Qxd4 Ne6 11.Qh4 Bg7 12.Bh6 Bxh6 13.Qxh6 b6 14.Nfd4 a6 15.
Nxe6 dxe6 16.Rfd1 Bd7 17.Qg7 Rf8 18.Nd4 Qc7 19.Ra3 Qb7 20.Rf3 h5 21.b3 Qe4
22.h3 O-O-O 23.Re3 Qb7 24.Red3 Qc7 25.Nf3 Bc6 26.Ng5 Rde8 27.c4 Qb7 28.h4 
Qc7 29.Rd4 Kb7 30.Nxf7 Rg8 31.Qh7 a5 32.R1d3 Ka6 33.Rg3 Ref8 34.Rxg6 Rxg6 
35.Qxg6 Be8 36.Rf4 Rxf7 37.Rxf7 Qxe5 38.Qg8 Qe1+ 39.Kh2 Qe5+ 40.g3 Qe4 41.
Qxe8 1-0

[Event "First Lady's Cup"]
[Site "Surakarta/Denpasar INA"]
[Date "1982.02.11"]
[Round "2"]
[White "Spasov, Luben"]
[Black "Ribli, Zoltan"]
[Result "1/2-1/2"]
[WhiteElo "2410"]
[BlackElo "2590"]
[EventDate "1982.02.10"]
[PlyCount "80"]

1.Nf3 c5 2.c4 e6 3.Nc3 Nf6 4.g3 b6 5.Bg2 Bb7 6.O-O Be7 7.b3 O-O 8.Bb2 d6 
9.e3 Nbd7 10.Qe2 Re8 11.Rfd1 a6 12.d4 cxd4 13.exd4 Bf8 14.Rac1 Rc8 15.Qd2 
g6 16.h3 Rc7 17.Ba3 Qa8 18.d5 exd5 19.Nxd5 Nxd5 20.cxd5 Rxc1 21.Bxc1 Nf6 
22.Ng5 Bg7 23.Bb2 Qd8 24.h4 b5 25.Bd4 h6 26.Nh3 Bc8 27.Nf4 g5 28.hxg5 hxg5
29.Bxf6 Bxf6 30.Nd3 a5 31.a3 Bf5 32.Re1 Rxe1+ 33.Nxe1 Qb6 34.Nc2 a4 35.Ne3
Bd7 36.bxa4 bxa4 37.Be4 Qb3 38.Qc1 Qc3 39.Qxc3 Bxc3 40.Nc4 Kf8 1/2-1/2

[Event "First Lady's Cup"]
[Site "Surakarta/Denpasar INA"]
[Date "1982.02.11"]
[Round "2"]
[White "Bellon Lopez, Juan Manuel"]
[Black "Rodriguez Vargas, Orestes"]
[Result "1/2-1/2"]
[WhiteElo "2400"]
[BlackElo "2430"]
[EventDate "1982.02.10"]
[PlyCount "30"]

1.b3 Nf6 2.Bb2 d6 3.g3 Nbd7 4.Bg2 g6 5.d4 e5 6.e4 exd4 7.Qxd4 Bg7 8.Nc3 
O-O 9.O-O-O Re8 10.Qd2 Nc5 11.f3 Bd7 12.Nge2 a5 13.h4 a4 14.h5 axb3 15.
axb3 Be6 1/2-1/2

[Event "First Lady's Cup"]
[Site "Surakarta/Denpasar INA"]
[Date "1982.02.11"]
[Round "2"]
[White "Ardiansyah"]
[Black "Suttles, Duncan"]
[Result "1-0"]
[WhiteElo "2395"]
[BlackElo "2475"]
[EventDate "1982.02.10"]
[PlyCount "69"]

1.e4 g6 2.d4 d6 3.c4 e5 4.Nc3 Nc6 5.Nge2 h5 6.Be3 Bh6 7.Qd2 h4 8.O-O-O Bd7
9.Kb1 f5 10.dxe5 dxe5 11.f3 Bxe3 12.Qxe3 f4 13.Qf2 g5 14.Nd5 Qb8 15.Nec3 
Nd8 16.Nb5 Ne6 17.Ndxc7+ Nxc7 18.Nd6+ Ke7 19.Qc5 Kf6 20.Nf5 Ne6 21.Rd6 Qc8
22.Qa3 Rh7 23.c5 b6 24.Bc4 Qxc5 25.Qb3 Re8 26.Rhd1 b5 27.Bf1 Rc8 28.a3 a5 
29.Bxb5 Rb8 30.a4 Rxb5 31.axb5 a4 32.Qxa4 Bxb5 33.Qa8 Kf7 34.Rd7+ Bxd7 35.
Rxd7+ 1-0

[Event "First Lady's Cup"]
[Site "Surakarta/Denpasar INA"]
[Date "1982.02.11"]
[Round "2"]
[White "Henley, Ronald Watson"]
[Black "Gunawan, Ronny"]
[Result "1-0"]
[WhiteElo "2460"]
[BlackElo "2345"]
[EventDate "1982.02.10"]
[PlyCount "47"]

1.d4 e6 2.c4 Nf6 3.Nc3 Bb4 4.e3 O-O 5.Bd3 c5 6.Ne2 Nc6 7.O-O d5 8.cxd5 
exd5 9.a3 Bxc3 10.bxc3 c4 11.Bc2 b5 12.f3 Re8 13.Ng3 Be6 14.e4 Nd7 15.f4 
f6 16.exd5 Bxd5 17.Bxh7+ Kf8 18.Bg6 Bf7 19.Bxf7 Kxf7 20.Qh5+ Kf8 21.Qxb5 
Na5 22.a4 Kg8 23.Ba3 Nf8 24.Bb4 1-0

[Event "First Lady's Cup"]
[Site "Surakarta/Denpasar INA"]
[Date "1982.02.11"]
[Round "2"]
[White "Sampouw, Jacobus Sawandar"]
[Black "Bachtiar, Arovah"]
[Result "0-1"]
[WhiteElo "2305"]
[BlackElo "2360"]
[EventDate "1982.02.10"]
[PlyCount "70"]

1.e4 c5 2.Nf3 d6 3.d4 cxd4 4.Nxd4 Nf6 5.Nc3 a6 6.Bg5 e6 7.f4 Nbd7 8.Qf3 
Qc7 9.O-O-O b5 10.Bd3 b4 11.Nd5 exd5 12.exd5 Bb7 13.Rhe1+ Kd8 14.Qe4 Qc5 
15.Nb3 Qb6 16.Bf1 h6 17.Bxf6+ Nxf6 18.Qf3 a5 19.Rd3 Rc8 20.Kb1 a4 21.Nd2 
Qc5 22.c4 bxc3 23.Rxc3 Qxd5 24.Rxc8+ Bxc8 25.Qc3 Qc5 26.Qf3 Qd5 27.Qe3 
Bf5+ 28.Ka1 Qc5 29.Qf3 d5 30.Bd3 Bxd3 31.Qxd3 Bd6 32.Nf3 Re8 33.Ne5 Bxe5 
34.fxe5 Nd7 35.Qf5 Rxe5 0-1

[Event "First Lady's Cup"]
[Site "Surakarta/Denpasar INA"]
[Date "1982.02.11"]
[Round "2"]
[White "Kurajica, Bojan"]
[Black "Matanovic, Aleksandar"]
[Result "1-0"]
[WhiteElo "2510"]
[BlackElo "2495"]
[EventDate "1982.02.10"]
[PlyCount "91"]

1.d4 Nf6 2.Nf3 b6 3.g3 Bb7 4.Bg2 g6 5.O-O Bg7 6.c4 O-O 7.d5 Na6 8.Nc3 Nc5 
9.Nd4 e5 10.Nc2 a5 11.e4 c6 12.Re1 cxd5 13.cxd5 Ba6 14.Bf1 Bxf1 15.Kxf1 d6
16.Kg2 Ne8 17.b4 Nd7 18.Rb1 f5 19.bxa5 bxa5 20.Na3 Rc8 21.Bd2 Nef6 22.f3 
fxe4 23.Nxe4 Nxe4 24.fxe4 Nc5 25.Qe2 a4 26.Nc4 Rb8 27.Ba5 Qd7 28.Bb6 Bf6 
29.Bxc5 dxc5 30.Qd3 h5 31.Rf1 Rxb1 32.Rxb1 h4 33.h3 Bg7 34.gxh4 Kh7 35.Rf1
Rxf1 36.Qxf1 Qe7 37.Qf2 Bf6 38.d6 Qe6 39.Qxc5 Bxh4 40.Qa7+ Kg8 41.Qxa4 Qf7
42.Qc2 Qf4 43.Kg1 Kg7 44.d7 Qg3+ 45.Qg2 Qd3 46.Qxg6+ 1-0

[Event "First Lady's Cup"]
[Site "Surakarta/Denpasar INA"]
[Date "1982.02.11"]
[Round "2"]
[White "Chandler, Murray Graham"]
[Black "Gheorghiu, Florin"]
[Result "1-0"]
[WhiteElo "2470"]
[BlackElo "2550"]
[EventDate "1982.02.10"]
[PlyCount "79"]

1.e4 c5 2.Nf3 e6 3.d4 cxd4 4.Nxd4 a6 5.c4 Nf6 6.Nc3 Qc7 7.Be2 Bb4 8.Nc2 
Bxc3+ 9.bxc3 Nc6 10.Qd3 O-O 11.Ba3 Rd8 12.Bd6 Qa5 13.Nb4 Ne8 14.O-O b6 15.
Bc7 Ne5 16.Bxe5 Qxe5 17.Nc6 Qc7 18.Nxd8 Qxd8 19.Rab1 Bb7 20.Rfd1 Bc6 21.e5
b5 22.cxb5 axb5 23.Bf3 Bxf3 24.Qxf3 Nc7 25.Qd3 Qf8 26.Qxd7 Nd5 27.Rb3 Rc8 
28.g3 Nxc3 29.Qxc8 Ne2+ 30.Kf1 Qxc8 31.Rbd3 Nxg3+ 32.Ke1 Qf8 33.Rd8 Ne4 
34.Rxf8+ Kxf8 35.Rb1 Nc3 36.Rb2 b4 37.Rxb4 Nxa2 38.Rc4 f6 39.Kd2 fxe5 40.
Ra4 1-0

[Event "First Lady's Cup"]
[Site "Surakarta/Denpasar INA"]
[Date "1982.02.12"]
[Round "3"]
[White "Browne, Walter Shawn"]
[Black "Hort, Vlastimil"]
[Result "1/2-1/2"]
[WhiteElo "2585"]
[BlackElo "2590"]
[EventDate "1982.02.10"]
[PlyCount "51"]

1.d4 Nf6 2.Nf3 e6 3.c4 b6 4.a3 Bb7 5.Nc3 d5 6.cxd5 exd5 7.Bf4 Bd6 8.Bxd6 
Qxd6 9.Rc1 c6 10.g3 Nbd7 11.Bg2 O-O 12.O-O Rfe8 13.Nd2 c5 14.dxc5 Nxc5 15.
b4 Ne6 16.Nc4 Qe7 17.Ne3 Rad8 18.Nexd5 Bxd5 19.Nxd5 Nxd5 20.Bxd5 Nc7 21.e4
Nxd5 22.exd5 Qd7 23.Re1 Rxe1+ 24.Qxe1 Qxd5 25.Qe7 Qd2 26.Rc7 1/2-1/2

[Event "First Lady's Cup"]
[Site "Surakarta/Denpasar INA"]
[Date "1982.02.12"]
[Round "3"]
[White "Suradiradja, Herman"]
[Black "Maninang, Jesus Rafael"]
[Result "1/2-1/2"]
[WhiteElo "2380"]
[BlackElo "2385"]
[EventDate "1982.02.10"]
[PlyCount "30"]

1.e4 c5 2.Nf3 d6 3.d4 cxd4 4.Nxd4 Nf6 5.Nc3 e6 6.Bg5 a6 7.f4 Qb6 8.Nb3 
Nbd7 9.Qe2 Qc7 10.O-O-O b5 11.a3 Bb7 12.g3 O-O-O 13.Bg2 h6 14.Bxf6 gxf6 
15.f5 e5 1/2-1/2

[Event "First Lady's Cup"]
[Site "Surakarta/Denpasar INA"]
[Date "1982.02.12"]
[Round "3"]
[White "Matanovic, Aleksandar"]
[Black "Henley, Ronald Watson"]
[Result "0-1"]
[WhiteElo "2495"]
[BlackElo "2460"]
[EventDate "1982.02.10"]
[PlyCount "138"]

1.e4 e6 2.d4 d5 3.Nd2 c5 4.Ngf3 Nf6 5.exd5 exd5 6.Bb5+ Bd7 7.Qe2+ Be7 8.
dxc5 O-O 9.Nb3 Re8 10.Be3 a6 11.Bxd7 Nbxd7 12.O-O Nxc5 13.Rfe1 Qc7 14.Nfd4
Na4 15.c3 Bd6 16.h3 g6 17.Nf3 b5 18.Rab1 Rad8 19.Qd3 Ne4 20.Bd4 Qc4 21.Nc1
Ng5 22.Rd1 Nc5 23.Bxc5 Nxf3+ 24.Qxf3 Bxc5 25.Nb3 Bb6 26.Rd2 Re4 27.Rf1 
Rde8 28.Rdd1 Re2 29.Rxd5 Rxb2 30.Rd6 Bc7 31.Rd7 Rxa2 32.Nd2 Qf4 33.g3 Qxf3
34.Nxf3 Bd8 35.Rd6 Be7 36.Rc6 Bf8 37.c4 bxc4 38.Rxc4 Ree2 39.Nd4 Red2 40.
Nb3 Rdb2 41.Nc5 a5 42.Nd7 Bd6 43.Nf6+ Kf8 44.Nxh7+ Kg7 45.Ng5 Bxg3 46.Ne4 
Be5 47.Rd1 Rc2 48.Rxc2 Rxc2 49.Rd7 a4 50.Ra7 Ra2 51.Ng5 Kf6 52.h4 Bd4 53.
Rxf7+ Ke5 54.Nf3+ Ke6 55.Ng5+ Kd5 56.Rd7+ Kc4 57.Rc7+ Kb5 58.Ne4 Re2 59.
Nc3+ Bxc3 60.Rxc3 Re4 61.Rg3 Rxh4 62.Rxg6 a3 63.Rg5+ Kb4 64.Re5 a2 65.Re1 
Kc3 66.Kg2 Ra4 67.Ra1 Kb2 68.Rxa2+ Kxa2 69.Kg3 Kb3 0-1

[Event "First Lady's Cup"]
[Site "Surakarta/Denpasar INA"]
[Date "1982.02.12"]
[Round "3"]
[White "Radulov, Ivan"]
[Black "Kurajica, Bojan"]
[Result "1/2-1/2"]
[WhiteElo "2505"]
[BlackElo "2510"]
[EventDate "1982.02.10"]
[PlyCount "47"]

1.e4 c5 2.Nf3 Nc6 3.d4 cxd4 4.Nxd4 Qc7 5.Nc3 e6 6.g3 a6 7.Bg2 Nf6 8.O-O d6
9.Re1 Bd7 10.Nxc6 Bxc6 11.Bg5 Be7 12.Bxf6 Bxf6 13.Nd5 Bxd5 14.exd5 e5 15.
c3 O-O 16.Re4 g6 17.Qb3 a5 18.Bh3 Bd8 19.Rc4 Qb6 20.Bd7 Bc7 21.Qxb6 Bxb6 
22.a4 Rfd8 23.Bh3 Bc5 24.Re4 1/2-1/2

[Event "First Lady's Cup"]
[Site "Surakarta/Denpasar INA"]
[Date "1982.02.12"]
[Round "3"]
[White "Gheorghiu, Florin"]
[Black "Csom, Istvan"]
[Result "1/2-1/2"]
[WhiteElo "2550"]
[BlackElo "2505"]
[EventDate "1982.02.10"]
[PlyCount "72"]

1.d4 Nf6 2.c4 e6 3.Nf3 d5 4.Nc3 Nbd7 5.cxd5 exd5 6.Bg5 c6 7.Qc2 Be7 8.e3 
O-O 9.Bd3 Re8 10.O-O Nf8 11.Rab1 Bd6 12.b4 Bg4 13.Nd2 Bd7 14.Bf5 Qc8 15.
Bxd7 N6xd7 16.Bh4 Ne6 17.Bg3 Bxg3 18.hxg3 a5 19.b5 c5 20.dxc5 Qxc5 21.Nb3 
Qc4 22.Qd2 Nb6 23.Rfc1 Qg4 24.Qd1 Qxd1+ 25.Rxd1 a4 26.Nd4 Rac8 27.Nce2 
Nxd4 28.Nxd4 g6 29.Kf1 Kg7 30.Ke2 h5 31.Rbc1 Kf6 32.Kd3 Nc4 33.Rc2 Ne5+ 
34.Ke2 Rc4 35.Rcd2 Rc5 36.Rc2 Rc4 1/2-1/2

[Event "First Lady's Cup"]
[Site "Surakarta/Denpasar INA"]
[Date "1982.02.12"]
[Round "3"]
[White "Rodriguez Vargas, Orestes"]
[Black "Hulak, Krunoslav"]
[Result "1/2-1/2"]
[WhiteElo "2430"]
[BlackElo "2490"]
[EventDate "1982.02.10"]
[PlyCount "29"]

1.d4 Nf6 2.c4 e6 3.Nf3 c5 4.e3 cxd4 5.exd4 Bb4+ 6.Bd2 Bxd2+ 7.Qxd2 O-O 8.
Nc3 b6 9.Be2 d5 10.cxd5 exd5 11.O-O Ne4 12.Qc2 Nxc3 13.Qxc3 Bb7 14.Rac1 
Nc6 15.Bb5 1/2-1/2

[Event "First Lady's Cup"]
[Site "Surakarta/Denpasar INA"]
[Date "1982.02.12"]
[Round "3"]
[White "Suttles, Duncan"]
[Black "Spasov, Luben"]
[Result "1/2-1/2"]
[WhiteElo "2475"]
[BlackElo "2410"]
[EventDate "1982.02.10"]
[PlyCount "116"]

1.g3 d5 2.d3 c5 3.Bg2 Nc6 4.Nd2 e5 5.e4 Nf6 6.h3 Be7 7.Ne2 O-O 8.O-O Be6 
9.f4 dxe4 10.dxe4 exf4 11.gxf4 Qc7 12.f5 Bc8 13.Nc4 Rd8 14.Bf4 Rxd1 15.
Raxd1 Qd7 16.Rxd7 Bxd7 17.Rd1 Rd8 18.Bc7 Rc8 19.Bh2 Nd4 20.Nf4 Bb5 21.Ne3 
Bd6 22.Nfd5 Nxd5 23.Nxd5 Bxh2+ 24.Kxh2 Kf8 25.c3 Nc6 26.Ne3 Ne5 27.Ng4 Be2
28.Rd5 Bxg4 29.Rxe5 Be2 30.Rd5 Ke7 31.e5 b6 32.Kg3 Bb5 33.Rd6 Bd7 34.Kf4 
f6 35.Be4 fxe5+ 36.Kxe5 Rf8 37.Rd3 Rf6 38.Rg3 g6 39.fxg6 Re6+ 40.Kf4 hxg6 
41.Bxg6 Re2 42.Kg5 Be8 43.Bf5 Rxb2 44.Re3+ Kf8 45.a3 b5 46.Kf6 b4 47.axb4 
cxb4 48.cxb4 Rxb4 49.Re7 Rh4 50.Rxa7 Rh6+ 51.Kg5 Rh5+ 52.Kg4 Rh8 53.Bh7 
Bf7 54.Bf5 Rg8+ 55.Kf4 Rg1 56.h4 Kg8 57.Bg4 Rh1 58.Kg5 Rg1 1/2-1/2

[Event "First Lady's Cup"]
[Site "Surakarta/Denpasar INA"]
[Date "1982.02.12"]
[Round "3"]
[White "Miles, Anthony John"]
[Black "Sampouw, Jacobus Sawandar"]
[Result "1-0"]
[WhiteElo "2575"]
[BlackElo "2305"]
[EventDate "1982.02.10"]
[PlyCount "69"]

1.g3 Nf6 2.Bg2 d5 3.Nf3 g6 4.c4 Bg7 5.d4 O-O 6.O-O c6 7.Nbd2 Ne4 8.b3 c5 
9.e3 Nc6 10.Bb2 e6 11.Rb1 Qa5 12.Nxe4 dxe4 13.Ne5 f5 14.Nxc6 bxc6 15.dxc5 
Rd8 16.Qc1 e5 17.Rd1 Ba6 18.Qc3 Qxc5 19.Bf1 Rab8 20.b4 Rxd1 21.Rxd1 Qxb4 
22.Rd8+ Bf8 23.Qxe5 Qxb2 24.Qxb8 Qxb8 25.Rxb8 Kf7 26.Rd8 Bc5 27.Rd7+ Ke6 
28.Rxh7 Be7 29.h4 Bc8 30.h5 gxh5 31.Rxh5 Bd7 32.g4 Kf6 33.gxf5 Bxf5 34.Bh3
Bxh3 35.Rxh3 1-0

[Event "First Lady's Cup"]
[Site "Surakarta/Denpasar INA"]
[Date "1982.02.12"]
[Round "3"]
[White "Gunawan, Ronny"]
[Black "Bellon Lopez, Juan Manuel"]
[Result "0-1"]
[WhiteElo "2345"]
[BlackElo "2400"]
[EventDate "1982.02.10"]
[PlyCount "54"]

1.e4 c5 2.Nf3 b6 3.d4 cxd4 4.Nxd4 Bb7 5.Bd3 e6 6.O-O a6 7.c4 Qc7 8.Be3 Nf6
9.Nc3 Be7 10.Rc1 d6 11.f4 O-O 12.f5 Qd7 13.Nde2 Bd8 14.Qb3 Nc6 15.fxe6 
fxe6 16.Bxb6 Ne5 17.Rcd1 Rb8 18.Bd4 Nxd3 19.Rxd3 Bxe4 20.Qxb8 Bxd3 21.Rd1 
Bxc4 22.Bc5 Be7 23.Qb4 Bxe2 24.Nxe2 Nd5 25.Rxd5 exd5 26.Bd4 Qf5 27.Qe1 Qe4
0-1

[Event "First Lady's Cup"]
[Site "Surakarta/Denpasar INA"]
[Date "1982.02.12"]
[Round "3"]
[White "Sosonko, Gennadi"]
[Black "Ardiansyah"]
[Result "1/2-1/2"]
[WhiteElo "2580"]
[BlackElo "2395"]
[EventDate "1982.02.10"]
[PlyCount "66"]

1.d4 Nf6 2.c4 e6 3.g3 d5 4.Bg2 c6 5.Nf3 Be7 6.O-O O-O 7.Qc2 Nbd7 8.b3 Ne4 
9.Bb2 f5 10.Ne1 Bd6 11.Nd3 Qg5 12.Ba3 Bxa3 13.Nxa3 Ndf6 14.Qc1 Qh5 15.f3 
Nd6 16.Qf4 Nf7 17.Nc2 Rd8 18.Nf2 b6 19.e4 dxc4 20.bxc4 Ba6 21.g4 fxg4 22.
fxg4 Qg6 23.Nb4 Bxc4 24.Nxc6 Re8 25.Rfc1 b5 26.a4 e5 27.dxe5 Nxg4 28.axb5 
Nxf2 29.Qxf2 Bxb5 30.e6 Ng5 31.Qf5 Bxc6 32.Rxc6 Nxe6 33.Rd6 Rad8 1/2-1/2

[Event "First Lady's Cup"]
[Site "Surakarta/Denpasar INA"]
[Date "1982.02.12"]
[Round "3"]
[White "Handoko, Edhi"]
[Black "Keene, Raymond Dennis"]
[Result "1/2-1/2"]
[WhiteElo "2370"]
[BlackElo "2505"]
[EventDate "1982.02.10"]
[PlyCount "65"]

1.e4 g6 2.d4 Bg7 3.Nc3 d6 4.f4 Nc6 5.d5 Nd4 6.Be3 c5 7.dxc6 Nxc6 8.Nf3 Nf6
9.h3 O-O 10.Be2 Nh5 11.Kf2 e5 12.fxe5 Nxe5 13.Rf1 Be6 14.Nxe5 Bxe5 15.Bxh5
Qh4+ 16.Kg1 gxh5 17.Qd2 Kh8 18.Bg5 Qg3 19.Bf4 Qg7 20.Rf3 Rg8 21.Bxe5 dxe5 
22.Rd1 Rad8 23.Qf2 Rxd1+ 24.Nxd1 f5 25.exf5 Bd5 26.f6 Qxg2+ 27.Qxg2 Bxf3 
28.Qxg8+ Kxg8 29.Ne3 Kf7 30.Kf2 Bc6 31.Kg3 Kxf6 32.h4 Ke6 33.c3 1/2-1/2

[Event "First Lady's Cup"]
[Site "Surakarta/Denpasar INA"]
[Date "1982.02.13"]
[Round "4"]
[White "Christiansen, Larry"]
[Black "Miles, Anthony John"]
[Result "1/2-1/2"]
[WhiteElo "2585"]
[BlackElo "2575"]
[EventDate "1982.02.10"]
[PlyCount "22"]

1.c4 b6 2.d4 Bb7 3.Nf3 e6 4.a3 f5 5.g3 Nf6 6.Bg2 g6 7.O-O Bg7 8.Nc3 O-O 9.
b4 Ne4 10.Bb2 d6 11.Rc1 Nd7 1/2-1/2

[Event "First Lady's Cup"]
[Site "Surakarta/Denpasar INA"]
[Date "1982.02.13"]
[Round "4"]
[White "Spasov, Luben"]
[Black "Sosonko, Gennadi"]
[Result "1/2-1/2"]
[WhiteElo "2410"]
[BlackElo "2580"]
[EventDate "1982.02.10"]
[PlyCount "36"]

1.Nf3 c5 2.c4 Nc6 3.Nc3 Nf6 4.e3 e6 5.d4 d5 6.a3 a6 7.cxd5 exd5 8.Be2 cxd4
9.Nxd4 Bd6 10.Nf3 O-O 11.O-O Bg4 12.b4 Rc8 13.Bb2 Bb8 14.Rc1 Qd6 15.g3 
Rfd8 16.Na4 Ne4 17.Nc5 Qe7 18.Nd4 Bh3 1/2-1/2